Centroamérica: Estudio comparativo sobre la situación de los sistemas presupuestarios
Respuestas a interrogantes sobre diferentes aspectos de la técnica presupuestaria en Centroamerica, trata de aclarar aspectos sobre base legal, organización, programación, presupuesto, discusión y aprobación legislativa, ejecución, control y evaluación./ALLV
Sábháilte in:
| Údar corparáideach: | |
|---|---|
| Formáid: | Téacs |
| Foilsithe / Cruthaithe: |
Guatemala:
SIECA
|
| Ábhair: | |
| Clibeanna: |
Cuir clib leis
Níl clibeanna ann, Bí ar an gcéad duine le clib a chur leis an taifead seo!
|
MARC
| LEADER | 00000 a a2200000 04500 | ||
|---|---|---|---|
| 001 | 19737 | ||
| 003 | |||
| 040 | |||
| 090 | |a 079300 | ||
| 110 | |a SIECA | ||
| 245 | |a Centroamérica: Estudio comparativo sobre la situación de los sistemas presupuestarios | ||
| 260 | |a Guatemala: |b SIECA | ||
| 300 | |a 28 p. | ||
| 520 | |a Respuestas a interrogantes sobre diferentes aspectos de la técnica presupuestaria en Centroamerica, trata de aclarar aspectos sobre base legal, organización, programación, presupuesto, discusión y aprobación legislativa, ejecución, control y evaluación./ALLV | ||
| 650 | |a POLITICA PRESUPUESTARIA | ||
| 650 | |a METODOS PRESUPUESTARIOS | ||
| 999 | |c 12998 |d 12998 | ||
